International Seminar on Problems of Urban Community Development in Developing Countries : Freiburg, January 1977 : a Dokumentation /
Guardado en:
| Autor corporativo: | |
|---|---|
| Formato: | Procedimiento de la conferencia Libro |
| Idioma: | Inglés |
| Publicado: |
Friburgo, Alemania :
Deutscher Caritasverband,
1977
|
| Temas: | |
| Etiquetas: |
Sin etiquetas, Sé el primero en etiquetar este registro!
|
MARC
| LEADER | 00000nam^a2200000^a^4500 | ||
|---|---|---|---|
| 001 | 000402538 | ||
| 005 | 20250521000000.0 | ||
| 009 | 20260310121715.792 | ||
| 037 | |a Acervo ITESO - Biblioteca | ||
| 041 | |a ING | ||
| 082 | |a 361. 8 |b SOC 1977 | ||
| 111 | |a Seminar for Social Work in Overseas Countries ( |d 1977 : |c German Caritas Association, Friburgo, Alemania) | ||
| 245 | 1 | 0 | |a International Seminar on Problems of Urban Community Development in Developing Countries : |b Freiburg, January 1977 : a Dokumentation / |c Seminar for Social Work in Overseas Countries. |
| 264 | 1 | |a Friburgo, Alemania : |b Deutscher Caritasverband, |c 1977 | |
| 300 | |a 341 p. | ||
| 336 | |a texto |b txt |2 rdacontenido | ||
| 337 | |a sin mediación |b n |2 rdamedio | ||
| 338 | |a volumen |b nc |2 rdasoporte | ||
| 649 | |a XX | ||
| 650 | |a Cooperación Internacional - |z Alemania | ||
| 650 | |a Problemas Sociales | ||
| 650 | |a Desarrollo Comunitario - |z Países Subdesarrollados - |x Tema Principal | ||
| 650 | |a Desarrollo Rural - |z Países Subdesarrollados | ||
| 650 | |a Desarrollo Urbano - |z Países Subdesarrollados | ||
| 650 | |a Desarrollo Económico-Social | ||
| 650 | |a Antropología | ||
| 650 | |a Sociología Urbana | ||
| 650 | |a Países Subdesarrollados - |x Condiciones Económicas | ||
| 910 | |a Fondo Carlos Núñez Hurtado | ||
| 920 | |a Impresos - Libros | ||
| 930 | |a Fondos Especiales | ||
| 905 | |a 117 | ||
| 901 | |a 0500297984 |b IT2 |c ESP |i d79449 |u 20250521 | ||
| 902 | |a https://opac.biblio.iteso.mx/vufind/Record/000402538 | ||